[Event "AUTO-INT-3373"]
[Site "http://www.queenalice.com/game.php?id=1561106"]
[Date "2019.2.15"]
[Round "3"]
[White "Marcio_Faria"]
[Black "thbn"]
[Result "1-0"]
[WhiteElo "1873"]
[BlackElo "1751"]

1. d4 d5 2. c4 c6 3. cxd5 cxd5 4. Nc3 Nf6 5. Nf3 Nc6 6. a3 Bg4 7. e3 e6 8. Be2
Bd6 9. O-O Qc7 10. Nb5 Qb6 11. Nxd6+ Ke7 12. Nb5 a6 13. Nc3 Rac8 14. Nd2 Bxe2
15. Qxe2 Rhd8 16. b4 Kf8 17. Bb2 Kg8 18. Rac1 Qc7 19. Nb3 b5 20. h3 Nd7 21. Na2
Qb7 22. Rc2 Kh8 23. Rfc1 Ne7 24. Na5 Qb8 25. Nc3 h6 26. e4 dxe4 27. Nxe4 Nf5 28.
Nc6 Qb6 29. Nxd8 Rxd8 30. Qg4 Nf8 31. Nc5 Kh7 32. Qe4 Rd5 33. g4 Qb8 34. f4 Kh8
35. gxf5 Rxf5 36. Nd3 Qd8 37. Rc8 Qe7 38. R1c7 Qh4 39. Rxf8+ Kh7 40. Qg2 g5 41.
d5 gxf4 42. Qg7# 1-0

[Event "AUTO-INT-3373"]
[Site "http://www.queenalice.com/game.php?id=1561107"]
[Date "2019.2.15"]
[Round "3"]
[White "Dinda54"]
[Black "Marcio_Faria"]
[Result "1/2-1/2"]
[WhiteElo "1797"]
[BlackElo "1920"]

1. e4 c5 2. Bc4 Nc6 3. b3 a6 4. Nf3 Nf6 5. O-O e6 6. e5 Ng4 7. Bb2 b5 8. Bd3 Bb7
9. Be4 Qc7 10. h3 Ncxe5 11. Nxe5 Nxe5 12. Bxe5 d6 13. Bxb7 Qxb7 14. Bg3 g6 15.
Nc3 Qc6 16. a3 Bg7 17. Qg4 O-O 18. Rad1 a5 19. a4 bxa4 20. Nxa4 Rab8 21. c3 Rb7
22. Rb1 Rfb8 23. Rb2 Rxb3 24. Rfb1 c4 25. Rxb3 Rxb3 26. Ra1 h5 27. Qd1 d5 28. d4
f6 29. Nc5 Rb2 30. Na4 Rb3 31. Nc5 Rb5 32. Qa4 Qb6 33. Kh2 Kf7 34. Nd7 Qb7 35.
Nc5 Qb6 36. Bc7 Qxc7+ 37. g3 Qb6 38. Nd7 Qb7 39. Nc5 Qb6 40. Nd7 Qb7 41. Nc5 Qb6
42. Nd7 Qb7 43. Nc5 Qb6 44. Nd7 Qb7 45. Nc5 Qb6 46. Nd7 Qb7 47. Nc5 Qb6 48. Nd7
Qb7 49. Nc5 Qb6 50. Nd7 Qb7 51. Nc5 Qb6 52. Nd7 Qb7 53. Nc5 1/2-1/2

[Event "AUTO-INT-3373"]
[Site "http://www.queenalice.com/game.php?id=1561108"]
[Date "2019.2.15"]
[Round "3"]
[White "Marcio_Faria"]
[Black "Dinda54"]
[Result "1-0"]
[WhiteElo "1901"]
[BlackElo "1874"]

1. d4 d5 2. c4 dxc4 3. Nc3 c6 4. e3 b5 5. a3 Qa5 6. Nf3 e6 7. Bd2 h6 8. Nd5 Qa6
9. Nc7+ Kd7 10. Nxa6 Bxa6 11. Ne5+ Ke8 12. b4 f6 13. Qh5+ Ke7 14. Qf7+ Kd8 15.
Qxf8+ Kc7 16. Qxg7+ Nd7 17. Nxd7 Ne7 18. Qxe7 Rhe8 19. Qf7 Red8 20. Nc5+ Kb6 21.
a4 bxa4 22. Rxa4 Bb5 23. Qb7# 1-0

[Event "AUTO-INT-3375"]
[Site "http://www.queenalice.com/game.php?id=1561785"]
[Date "2019.2.21"]
[Round "2"]
[White "Ricardoabreu"]
[Black "Marcio_Faria"]
[Result "0-1"]
[WhiteElo "1688"]
[BlackElo "1893"]

1. b3 Nf6 2. Bb2 e6 3. g3 d5 4. Bg2 c6 5. e3 g6 6. Nf3 Bg7 7. Qe2 O-O 8. h4 Nbd7
9. Nh2 e5 10. Bh3 Re8 11. Bxd7 Bxd7 12. d4 e4 13. Nd2 Qa5 14. f3 b6 15. c3 c5
16. dxc5 bxc5 17. g4 Bb5 18. c4 dxc4 19. bxc4 Ba6 20. O-O exf3 21. Rxf3 Qb6 22.
Rb1 Qd6 23. a3 Bb7 24. Rf4 h6 25. Rbf1 Qc6 26. R4f3 Re6 27. g5 hxg5 28. hxg5
Rae8 29. Kf2 Ng4+ 30. Nxg4 Bxb2 31. Nh6+ Kh8 32. Nxf7+ Kg7 33. e4 Qa4 34. Rh1
Bxe4 35. Nxe4 Bd4+ 36. Kf1 Rxe4 37. Qh2 Qd1+ 38. Kg2 Rg4+ 0-1

[Event "AUTO-INT-3375"]
[Site "http://www.queenalice.com/game.php?id=1561786"]
[Date "2019.2.21"]
[Round "2"]
[White "Marcio_Faria"]
[Black "Ricardoabreu"]
[Result "1-0"]
[WhiteElo "1884"]
[BlackElo "1697"]

1. d4 e6 2. c4 b6 3. Nc3 Bb7 4. e4 g6 5. Nf3 Bg7 6. Be3 Nf6 7. d5 exd5 8. exd5
d6 9. Be2 a6 10. O-O Qe7 11. Re1 Nbd7 12. Bg5 h6 13. Bd3 Ne5 14. Nxe5 dxe5 15.
Bh4 g5 16. Bg3 O-O 17. Rxe5 Qc5 18. Na4 Qd4 19. Bh7+ Kxh7 20. Qxd4 b5 21. Nc5
Bc8 22. Qd3+ Kh8 23. Rae1 Bg4 24. h3 Bh5 25. Qd2 Ng8 26. R5e3 bxc4 27. Nd7 Rfd8
28. Ne5 Rd6 29. Nxc4 Rd7 30. Be5 Bxe5 31. Nxe5 Rd6 32. Nc4 Rd7 33. g4 Bg6 34.
Ne5 Rd6 35. Nxg6+ fxg6 36. Qc3+ Kh7 37. Qxc7+ 1-0

[Event "AUTO-INT-3375"]
[Site "http://www.queenalice.com/game.php?id=1561789"]
[Date "2019.2.21"]
[Round "2"]
[White "Marcio_Faria"]
[Black "piemme"]
[Result "1-0"]
[WhiteElo "1918"]
[BlackElo "1576"]

1. d4 d5 2. c4 dxc4 3. Nc3 e6 4. e3 Bb4 5. Qa4+ Nc6 6. a3 Bxc3+ 7. bxc3 Bd7 8.
Qc2 Nf6 9. Nf3 O-O 10. Bxc4 a6 11. Bd3 b5 12. O-O Nb8 13. c4 g6 14. Ne5 Bc6 15.
Nxc6 Nxc6 16. Bb2 Na7 17. cxb5 axb5 18. Rac1 Nd5 19. Qe2 c6 20. g3 Re8 21. e4
Nf6 22. h4 Nc8 23. e5 Nd7 24. h5 Ncb6 25. Kg2 Ra4 26. Rh1 Nd5 27. hxg6 hxg6 28.
Qg4 Nxe5 29. Qh3 Qf6 30. Qh7+ Kf8 31. dxe5 Qg7 32. Qh8+ Qxh8 33. Rxh8+ Ke7 34.
Rxe8+ Kxe8 35. Rxc6 Ra5 36. Rc5 Ne7 37. Rxb5 Ra7 38. f4 Nf5 39. Bxf5 gxf5 40.
Kf3 Kf8 41. g4 fxg4+ 42. Kxg4 Ra4 43. Rb4 Ra6 44. Kg5 Kg7 45. f5 exf5 46. Kxf5
Rg6 47. Rg4 Rxg4 48. Kxg4 Kf8 49. Kf5 Ke7 50. a4 Kd7 51. Kf6 Kc6 52. Kxf7 1-0

[Event "AUTO-INT-3375"]
[Site "http://www.queenalice.com/game.php?id=1561790"]
[Date "2019.2.21"]
[Round "2"]
[White "piemme"]
[Black "Marcio_Faria"]
[Result "0-1"]
[WhiteElo "1571"]
[BlackElo "1916"]

1. e4 c5 2. Bc4 Nc6 3. Qf3 Ne5 4. Qb3 Nf6 5. f4 Nxc4 6. Qxc4 e6 7. e5 Nd5 8. Nf3
a6 9. O-O b5 10. Qe2 c4 11. c3 Nxf4 12. Qe4 Qb6+ 13. Rf2 Nd3 14. Qe3 Bc5 15. Nd4
Nxc1 16. Qf3 O-O 17. Qxa8 Bb7 18. Qxf8+ Kxf8 19. Na3 Nd3 20. Rf3 Bxf3 21. gxf3
Bxd4+ 22. Kg2 Bxe5 23. Rb1 Qf2+ 24. Kh3 Qxh2+ 25. Kg4 f6 26. Nc2 g5 27. Rd1 Qh4#
0-1

[Event "AUTO-MASTER-2843"]
[Site "http://www.queenalice.com/game.php?id=1569825"]
[Date "2019.5.5"]
[Round "1"]
[White "Marcio_Faria"]
[Black "jdalcheco"]
[Result "1-0"]
[WhiteElo "1799"]
[BlackElo "1970"]

1. d4 Nf6 2. c4 e6 3. Bg5 Be7 4. Nc3 b6 5. Nf3 Bb7 6. d5 Nxd5 7. Nxd5 exd5 8.
Bxe7 Qxe7 9. cxd5 Qb4+ 10. Qd2 Qxd2+ 11. Nxd2 Bxd5 12. e4 Bb7 13. g3 O-O 14. Bg2
Re8 15. O-O d6 16. Rac1 c5 17. a3 Nd7 18. Nc4 Ba6 19. Rfe1 Bxc4 20. Rxc4 Ne5 21.
Rc3 Rad8 22. f4 Nc6 23. b3 Nd4 24. e5 dxe5 25. fxe5 f6 26. e6 Rxe6 27. Rxe6 Nxe6
28. Bf1 Rd2 29. Bc4 Kf7 30. Re3 Rd6 31. Kg2 Ke7 32. h3 Kd7 33. h4 Rd2+ 34. Kh3
Nd4 35. a4 h6 36. Kg4 Rf2 37. Kh5 Nf3 38. Kg6 Nd4 39. Rd3 Kc6 40. Kxg7 h5 41.
Kg6 Nf3 42. Bd5+ 1-0

[Event "AUTO-MASTER-2843"]
[Site "http://www.queenalice.com/game.php?id=1569826"]
[Date "2019.5.5"]
[Round "1"]
[White "jdalcheco"]
[Black "Marcio_Faria"]
[Result "1-0"]
[WhiteElo "1944"]
[BlackElo "1795"]

1. d4 d5 2. Nc3 c6 3. Bf4 Bf5 4. Nf3 h6 5. e3 Nf6 6. Bd3 Bxd3 7. Qxd3 e6 8. O-O
Bd6 9. Ne5 Nfd7 10. Ng6 Bxf4 11. Nxh8 Bd6 12. Nxf7 Kxf7 13. e4 Qg5 14. e5 Be7
15. f4 Qh5 16. f5 Kg8 17. Ne2 exf5 18. Rxf5 Qe8 19. Raf1 Na6 20. c3 Nc7 21. Ng3
Ne6 22. Rf7 Ng5 23. R7f5 g6 24. R5f4 Nf8 25. h4 Nfe6 26. R4f2 Nh7 27. Rf7 Nhf8
28. h5 Ng5 29. hxg6 c5 30. Nh5 Ne4 31. dxc5 Bxc5+ 32. Kh1 Qe6 33. Nf4 Qg4 34.
Rf3 Nf2+ 35. Rxf2 Qh4+ 36. Nh3 Bxf2 37. Qxd5 Rd8 38. Rd7+ Kh8 39. g7+ 1-0

[Event "AUTO-MASTER-2843"]
[Site "http://www.queenalice.com/game.php?id=1569827"]
[Date "2019.5.5"]
[Round "1"]
[White "Marcio_Faria"]
[Black "Regina1962"]
[Result "0-1"]
[WhiteElo "1877"]
[BlackElo "2101"]

1. d4 d5 2. c4 c6 3. cxd5 cxd5 4. Nc3 Nf6 5. Nf3 Nc6 6. g3 Bg4 7. e3 e6 8. Bg2
Ne4 9. O-O Ng5 10. h4 Nxf3+ 11. Bxf3 Bxf3 12. Qxf3 Bd6 13. Bd2 O-O 14. Rac1 Rc8
15. Nb5 Bb8 16. a3 a6 17. Nc3 Na5 18. Qd1 Nc4 19. Na4 b5 20. Nc5 Nxb2 21. Qb3
Nc4 22. Bb4 a5 23. Bc3 Qe8 24. Nb7 Bc7 25. Nc5 Qc6 26. Rc2 Bd6 27. Nd3 a4 28.
Qa2 Bxa3 29. Bb4 Bxb4 30. Nxb4 Qd6 31. Nd3 Ra8 32. Nc5 Ra7 33. Rfc1 b4 34. Qb1
b3 35. Rc3 b2 36. R1c2 a3 37. Qa2 Rb8 38. Kg2 b1=Q 0-1

[Event "AUTO-MASTER-2843"]
[Site "http://www.queenalice.com/game.php?id=1569828"]
[Date "2019.5.5"]
[Round "1"]
[White "Regina1962"]
[Black "Marcio_Faria"]
[Result "1-0"]
[WhiteElo "1821"]
[BlackElo "1811"]

1. d4 d5 2. c4 e6 3. Nf3 c6 4. Nc3 Nf6 5. Bg5 Nbd7 6. e3 Be7 7. Bd3 O-O 8. O-O
dxc4 9. Bxc4 Nd5 10. Bxe7 Nxe7 11. e4 a6 12. d5 exd5 13. exd5 Nb6 14. Bb3 Nexd5
15. Nxd5 Nxd5 16. Bxd5 cxd5 17. Nd4 Qd7 18. Qd3 b5 19. Rad1 Bb7 20. Qg3 Rfe8 21.
h3 Rac8 22. Rd2 Rc4 23. Rfd1 Rec8 24. Kh2 h6 25. Qe5 Re8 26. Qg3 b4 27. Qf4 a5
28. Qf3 a4 29. Nf5 Re5 30. g4 a3 31. bxa3 Rc3 32. Rd3 Rc2 33. R1d2 Rxd2 34. Rxd2
d4 35. Qf4 Re4 36. Qb8+ Kh7 37. Qf8 Qc7+ 38. Nd6 h5 39. Kg3 hxg4 40. hxg4 Qc3+
41. f3 Re3 42. Rh2+ Kg6 43. Qxf7+ 1-0

[Event "AUTO-MASTER-2843"]
[Site "http://www.queenalice.com/game.php?id=1569829"]
[Date "2019.5.5"]
[Round "1"]
[White "Marcio_Faria"]
[Black "josebaron"]
[Result "0-1"]
[WhiteElo "1819"]
[BlackElo "2019"]

1. d4 d5 2. c4 Nf6 3. Nf3 e6 4. Bg5 Be7 5. Nc3 dxc4 6. Qa4+ c6 7. Qxc4 O-O 8. g3
Nd5 9. Bxe7 Qxe7 10. a3 Nd7 11. Bg2 N7b6 12. Qd3 a5 13. O-O h6 14. e4 Nf6 15.
Rfe1 Rd8 16. Rac1 Kh8 17. e5 Nfd5 18. Ne4 a4 19. Nd6 Kg8 20. Nd2 Rf8 21. N2c4
Nxc4 22. Qxc4 f6 23. Qe2 fxe5 24. dxe5 Kh8 25. Qg4 Qg5 26. Qe4 Kg8 27. h4 Qe7
28. Bf1 Nc7 29. Bd3 Rf5 30. Nxf5 exf5 31. Qf3 Be6 32. Qg2 Nd5 33. Bc4 b5 34. Ba2
Rc8 35. b4 axb3 36. Bxb3 Qxa3 37. Bxd5 Bxd5 38. Qh2 b4 39. Qh3 Be6 40. Qg2 Bd5
41. Qh3 Qf3 42. Re3 Qg4 43. Kh2 b3 44. Rb1 h5 45. Qxg4 fxg4 46. e6 Re8 47. e7
Kf7 48. Rbe1 g6 49. Kg1 Kf6 50. R1e2 g5 51. hxg5+ Kxg5 52. Kf1 Bc4 53. Ke1 Bxe2
54. Rxe2 c5 55. Kd2 c4 56. Kc3 h4 57. gxh4+ Kxh4 58. Kxc4 b2 59. Re1 b1=Q 60.
Rxb1 Rxe7 61. Rh1+ Kg5 62. Kd3 Kf4 63. Ra1 Kf3 0-1

[Event "AUTO-MASTER-2843"]
[Site "http://www.queenalice.com/game.php?id=1569830"]
[Date "2019.5.5"]
[Round "1"]
[White "josebaron"]
[Black "Marcio_Faria"]
[Result "1-0"]
[WhiteElo "1936"]
[BlackElo "1919"]

1. e4 c5 2. Bc4 Nc6 3. Nf3 d6 4. h3 a6 5. a4 e6 6. O-O Bd7 7. d4 cxd4 8. Nxd4
Ne5 9. Bb3 Rc8 10. f4 Nc4 11. Qe2 b5 12. axb5 axb5 13. Nc3 g6 14. Ndxb5 Bxb5 15.
Nxb5 Qb6+ 16. Kh1 Na5 17. Ba4 Nc6 18. Be3 Qb7 19. Na7 Ne7 20. Nxc8 Qxc8 21. Bd4
e5 22. fxe5 Bg7 23. exd6 O-O 24. dxe7 Nxe7 25. Bxg7 Kxg7 26. Qf3 f6 27. Bb3 Nc6
28. Qc3 Qa6 29. Rxa6 1-0

[Event "AUTO-ADV-4174"]
[Site "http://www.queenalice.com/game.php?id=1569983"]
[Date "2019.5.6"]
[Round "1"]
[White "josebaron"]
[Black "Marcio_Faria"]
[Result "1-0"]
[WhiteElo "1956"]
[BlackElo "1901"]

1. e4 c5 2. Bc4 Nc6 3. Nf3 d6 4. h3 a6 5. a4 e6 6. O-O Nf6 7. Nc3 Be7 8. d4 cxd4
9. Nxd4 Ne5 10. Bb3 Bd7 11. Nf3 Rc8 12. Nxe5 dxe5 13. Bg5 O-O 14. Kh1 Bc6 15.
Bxf6 Bxf6 16. Qe2 Be7 17. f4 exf4 18. Rxf4 Bf6 19. Rd1 Qc7 20. Qg4 b5 21. axb5
axb5 22. Rxf6 Qe5 23. Rff1 b4 24. Na2 Qxb2 25. Nxb4 Bb5 26. Nd3 Bxd3 27. Rxd3
Rxc2 28. Bxc2 Qxc2 29. Rfd1 Qc7 30. Rd7 Qc5 31. Qe2 h6 32. e5 g6 33. Qd2 Kg7 34.
Qf4 Kg8 35. Qxh6 Qf2 36. Rd8 Qc5 37. R1d6 1-0

[Event "AUTO-ADV-4174"]
[Site "http://www.queenalice.com/game.php?id=1569984"]
[Date "2019.5.6"]
[Round "1"]
[White "Marcio_Faria"]
[Black "josebaron"]
[Result "1-0"]
[WhiteElo "1870"]
[BlackElo "2106"]

1. d4 d5 2. c4 Nf6 3. Nc3 e6 4. Nf3 Be7 5. Bg5 O-O 6. e3 dxc4 7. Bxc4 h6 8. Bxf6
Bxf6 9. O-O c6 10. a3 a6 11. Rc1 Nd7 12. Ne4 e5 13. Nxf6+ Qxf6 14. Re1 Re8 15.
dxe5 Nxe5 16. Nxe5 Qxe5 17. Qf3 Be6 18. Bd3 Qxb2 19. Qe4 f5 20. Qh4 Qxa3 21. Bc4
Bxc4 22. Qxc4+ Kh8 23. Qf7 Qe7 24. Qxf5 a5 25. Ra1 a4 26. Red1 Red8 27. Qg4 b5
28. Qf3 c5 29. Qc6 Rxd1+ 30. Rxd1 b4 31. Qxa8+ Kh7 32. Qxa4 c4 33. Qc2+ g6 34.
Qxc4 Qb7 35. Rb1 b3 36. Rxb3 Qa7 37. h3 h5 38. g3 Qd7 39. Qe4 Qd1+ 40. Kh2 Qxb3
41. Qe7+ Kg8 42. Kg2 Qd5+ 43. Kg1 Qd1+ 44. Kg2 Qd5+ 45. e4 Qf7 46. Qxf7+ Kxf7
47. Kf3 Kf6 48. Kf4 g5+ 49. Ke3 Ke6 50. Kd4 Kd6 51. f3 Ke6 52. f4 gxf4 53. gxf4
h4 54. f5+ Kf6 55. Kd5 Ke7 56. e5 Kf7 57. Kd6 Ke8 58. f6 Kf7 59. Kd7 1-0

[Event "AUTO-ADV-4174"]
[Site "http://www.queenalice.com/game.php?id=1569995"]
[Date "2019.5.6"]
[Round "1"]
[White "betofortaleza"]
[Black "Marcio_Faria"]
[Result "1-0"]
[WhiteElo "1774"]
[BlackElo "1887"]

1. e4 c5 2. e5 d6 3. Bb5+ Nc6 4. Qf3 Bd7 5. Nc3 a6 6. Bc4 Nxe5 7. Qf4 Bc6 8. Bd5
Nf6 9. Bxc6+ bxc6 10. Nf3 Nxf3+ 11. Qxf3 d5 12. d3 e6 13. Bg5 Be7 14. O-O O-O
15. Qg3 Ne8 16. Bxe7 Qxe7 17. Ne2 Nd6 18. Nf4 Nf5 19. Qg4 Qh4 20. Qxh4 Nxh4 21.
g3 Nf3+ 22. Kg2 Nd4 23. c3 Nf5 24. Rfe1 Rab8 25. b3 a5 26. Rab1 Rfd8 27. g4 Nd6
28. h4 Nb5 29. Ne2 Na3 30. Rb2 c4 31. dxc4 Nxc4 32. Rbb1 Nd2 33. Rb2 Nc4 34.
Rbb1 Na3 35. Rb2 Nc4 36. Rbb1 Na3 37. Rb2 c5 38. Nc1 c4 39. b4 axb4 40. cxb4 Nb5
41. Rc2 Na3 42. Rb2 Rb7 43. Ne2 Nb5 44. a4 1-0

[Event "AUTO-ADV-4174"]
[Site "http://www.queenalice.com/game.php?id=1569996"]
[Date "2019.5.6"]
[Round "1"]
[White "Marcio_Faria"]
[Black "betofortaleza"]
[Result "1/2-1/2"]
[WhiteElo "1904"]
[BlackElo "1837"]

1. d4 d5 2. c4 dxc4 3. e4 b5 4. Nc3 c6 5. a3 e6 6. Nf3 Nf6 7. Bg5 Be7 8. Bxf6
Bxf6 9. e5 Bg5 10. Ne4 O-O 11. Nfxg5 Qd5 12. Nd6 f6 13. Nge4 f5 14. Ng5 g6 15.
h4 h6 16. Nh3 c5 17. Qc1 cxd4 18. Qxh6 Qxe5+ 19. Be2 Qxd6 20. Qxg6+ Kh8 21. Qh6+
Kg8 22. Qg6+ Kh8 23. Qh6+ Kg8 24. Qg6+ 1/2-1/2

[Event "AUTO-ADV-4174"]
[Site "http://www.queenalice.com/game.php?id=1570001"]
[Date "2019.5.6"]
[Round "1"]
[White "Sirius"]
[Black "Marcio_Faria"]
[Result "0-1"]
[WhiteElo "1731"]
[BlackElo "1785"]

1. e4 c5 2. Bc4 Nc6 3. Nf3 d6 4. h3 Nf6 5. d3 a6 6. O-O e6 7. c3 b5 8. Bb3 Bd7
9. Bg5 Be7 10. Bxf6 Bxf6 11. Nbd2 O-O 12. Nh2 Ne5 13. d4 cxd4 14. cxd4 Nc6 15.
Ndf3 Rc8 16. d5 Na5 17. dxe6 Bxe6 18. Bxe6 fxe6 19. b4 Bxa1 20. Qxa1 Nc4 21. Ng5
Qxg5 22. Nf3 Rxf3 23. h4 Qg6 24. Kh2 Rf4 25. g3 Rxe4 26. Qd1 Ne5 27. Qxd6 Qg4
28. Qxa6 Nf3+ 29. Kg2 Nxh4+ 30. Kh2 Nf3+ 31. Kg2 e5 32. Rh1 Ne1+ 33. Kf1 Qe2+
34. Kg1 Rf8 35. Qe6+ Kh8 36. Rh2 Nf3+ 37. Kg2 Ng5 38. Qe7 Qxf2+ 39. Kh1 Qf1# 0-1

[Event "AUTO-ADV-4174"]
[Site "http://www.queenalice.com/game.php?id=1570002"]
[Date "2019.5.6"]
[Round "1"]
[White "Marcio_Faria"]
[Black "Sirius"]
[Result "0-1"]
[WhiteElo "1840"]
[BlackElo "1708"]

1. d4 e6 2. c4 a5 3. Nf3 Bb4+ 4. Nc3 b6 5. g3 Ba6 6. Qd3 Bxc3+ 7. bxc3 d5 8. Ne5
f6 9. Bg2 fxe5 10. Qf3 e4 11. Qh5+ g6 12. Qe5 Nf6 13. cxd5 O-O 14. Bxe4 exd5 15.
Qe6+ Rf7 16. Bf3 Bc8 17. Qe5 Nc6 18. Qe3 Bh3 19. Qh6 Bg4 20. Bg5 Bxf3 21. exf3
Qe8+ 22. Be3 Ne7 23. O-O Nf5 24. Qg5 Nxe3 25. fxe3 Qe7 26. e4 dxe4 27. fxe4 Nxe4
28. Qd5 Rf8 29. Rxf7 Rxf7 30. Rf1 Nxc3 31. Qb3 Ne2+ 32. Kg2 Qe4+ 33. Kh3 Qe7 34.
Qc4 Kg7 35. Rxf7+ Qxf7 0-1

[Event "AUTO-OPEN-4055"]
[Site "http://www.queenalice.com/game.php?id=1570037"]
[Date "2019.5.6"]
[Round "1"]
[White "Sirius"]
[Black "Marcio_Faria"]
[Result "1-0"]
[WhiteElo "1685"]
[BlackElo "1863"]

1. e4 c5 2. Bc4 Nc6 3. c3 Nf6 4. Qb3 e6 5. d3 a6 6. Bg5 Be7 7. Bxf6 Bxf6 8. Nf3
b5 9. Bxb5 axb5 10. Qxb5 Ba6 11. Qxc5 Be7 12. Qe3 O-O 13. O-O Rb8 14. b4 Qc7 15.
a4 Bb7 16. Na3 Ne5 17. Nxe5 Qxe5 18. Nc4 Qxc3 19. b5 Ba8 20. a5 Rxb5 21. Rfc1
Qb4 22. Nb6 Rxb6 23. axb6 Bb7 24. Rc4 Qb5 25. Rc7 Ba8 26. g4 Bd6 27. Rca7 Bc5
28. d4 Bxb6 29. Rxa8 Qb4 30. Rxf8+ Kxf8 31. Ra8+ Ke7 32. Qa3 Qxa3 33. Rxa3 Bxd4
34. Kg2 h6 35. h4 g6 36. f4 f6 37. Kf3 1-0

[Event "AUTO-OPEN-4055"]
[Site "http://www.queenalice.com/game.php?id=1570038"]
[Date "2019.5.6"]
[Round "1"]
[White "Marcio_Faria"]
[Black "Sirius"]
[Result "1-0"]
[WhiteElo "1866"]
[BlackElo "1734"]

1. d4 d5 2. c4 Nf6 3. Nc3 e6 4. Nf3 dxc4 5. e4 Bb4 6. Bg5 h6 7. Bh4 g5 8. Bg3
Nxe4 9. Qa4+ Nc6 10. Rc1 b5 11. Qc2 f5 12. a3 Ba5 13. Be2 Nxd4 14. Nxd4 Qxd4 15.
O-O Bxc3 16. bxc3 Qd5 17. Rfd1 Qc5 18. Bf3 Nxg3 19. Bxa8 Nh5 20. Qd2 Ke7 21. Qe2
Nf4 22. Qf3 Qxa3 23. Ra1 Qc5 24. Kf1 Bd7 25. Ra6 Rxa8 26. Qxa8 c6 27. Rxa7 Nd3
28. Rd2 Qd6 29. Qh8 Qxh2 30. Qg7+ Kd6 31. Rxd7+ Kc5 32. Qd4# 1-0

[Event "AUTO-OPEN-4055"]
[Site "http://www.queenalice.com/game.php?id=1570067"]
[Date "2019.5.6"]
[Round "1"]
[White "Marcio_Faria"]
[Black "Renatogr90"]
[Result "0-1"]
[WhiteElo "1878"]
[BlackElo "1891"]

1. d4 d5 2. c4 Bf5 3. Nc3 dxc4 4. e4 Bg6 5. Bxc4 e6 6. Nf3 Bb4 7. O-O Bxc3 8.
bxc3 Bxe4 9. Ne5 Qd6 10. Qg4 Bg6 11. a4 c5 12. Ba3 b6 13. Bb5+ Ke7 14. Qf3 f6
15. Nxg6+ hxg6 16. dxc5 bxc5 17. Qb7+ Nd7 18. Rad1 Qb8 19. Qxd7+ Kf8 20. Bxc5+
Ne7 0-1

[Event "AUTO-OPEN-4055"]
[Site "http://www.queenalice.com/game.php?id=1570068"]
[Date "2019.5.6"]
[Round "1"]
[White "Renatogr90"]
[Black "Marcio_Faria"]
[Result "1-0"]
[WhiteElo "1874"]
[BlackElo "1895"]

1. e4 c5 2. Bc4 Nc6 3. d3 d6 4. Bf4 a6 5. Qf3 Nf6 6. Ne2 Bg4 7. Qg3 Bxe2 8. Kxe2
Nd4+ 9. Kd1 Nh5 10. Qg4 Nxf4 11. Qxf4 e6 12. e5 b5 13. Bd5 exd5 14. exd6 Bxd6
15. Qe3+ Be7 16. c3 Nf5 17. Qe5 O-O 18. Qxf5 Bg5 19. f4 Bf6 20. Nd2 1-0